Miért szeretik "magyarjaikat"? Orbán látogatása kapcsán megtudhattuk, mennyire szeretnek minket az egyszerű szlovák emberek

Bibliographic Details
Main Author: Barak, László, 1953- (Author)
Format: Article
Language:Hungarian
ISSN:1335-7050
Subjects:

MARC

LEADER 00000nab a2200000 ar4500
001 vtls010209635
003 SK-MaSNL
005 20260318122043.0
008 110208c20110131xo |||||||| 000 b|hun
015 |a SNBRB2011/02  |2 snkbucl 
038 |a SNKBUCL 
040 |a DSZK  |b slo  |c DSZK  |e AACR2 
041 0 |a hun 
044 |a xo  |c SK 
080 |a 327  |x (439:437.6)  |2 2001 
080 |a 327  |x (437.6:439)  |2 2001 
080 |a 342.518  |x (439)  |2 2001 
100 1 |a Barak, László,  |d 1953-  |4 aut  |9 107798 
245 1 0 |a Miért szeretik "magyarjaikat"?  |b Orbán látogatása kapcsán megtudhattuk, mennyire szeretnek minket az egyszerű szlovák emberek  |c Barak László 
610 1 7 |a Maďarsko.  |b Premiér (2010- : Orbán)  |2 snkbucl  |9 244739 
648 7 |a 2011  |2 snkbucl  |9 328311 
650 0 7 |a oficiálne návštevy  |2 snkbucl  |9 103749 
651 7 |a Slovensko  |2 SNKPHgeo  |9 14231 
655 7 |a názory  |2 snkbucl  |9 314429 
773 0 |t Új szó  |g Évf. 64, sz. 24 (31.1.2011), o. 5  |x 1335-7050 
852 |a SNK  |b KIS3GCP 
852 |a DSZK  |b KIS3GCP 
958 |a HU 
958 |a SK 
999 |c 3182103  |d 3184033